| 000 | 00412nam a2200157 i 4500 | ||
|---|---|---|---|
| 001 | 56413 | ||
| 003 | ES-MaACL | ||
| 005 | 20230906163349.0 | ||
| 007 | t| | ||
| 008 | 031009s1966 sp ||||1| spa d | ||
| 245 | 0 | 0 | _aDiccionario terminológico de ciencias médicas. |
| 250 | _a9ª ed. | ||
| 260 |
_aBarcelona : _bSalvat, _c[1966] |
||
| 300 |
_aVIII, 1188 p. ; _c26 cm. |
||
| 852 |
_aES-MaACL _jC-30685 _bR.60736 |
||
| 999 |
_c56413 _d56413 |
||